01047pam a2200253 i 4500001000400000003000800004005001700012008004100029020001500070035001800085040003200103041000800135082002200143245025900165260005200424300002500476504004100501650004900542650002800591650005400619700002300673700002000696710007700716755BD-RjUL20211208233227.0131123s1979 ilu b 100 0 eng  a0838902979 a(BD-RjUL) 775 aDLCcDLCdDLCdBD-RjULbeng aeng00a027.473bROL 197904aThe Role of the humanities in the public library :bproceedings of a conference sponsored by the School of Library Science, University of North Carolina at Chapel Hill, March 5-7, 1978 /cedited by Robert N. Broadus, with the assistance of Brian Nielsen. aChicago :bAmerican Library Association,c1979. avi, 213 p. ;c24 cm. aIncludes bibliographical references. 0aPublic librarieszUnited StatesxCongresses. 0aHumanitiesxCongresses. 0aLibraries and societyzUnited StatesxCongresses.1 aBroadus, Robert N.1 aNielsen, Brian.2 aUniversity of North Carolina at Chapel Hill.bSchool of Library Science.